000 03381cam a22012134i 4500
003 PE-LiUPU
005 20250813185406.0
008 17089 s2014 ag a rb 000 0 spa d
020 _a9508924519
020 _a9789508924513
035 _a(Sirsi) a238201
040 _aPE-LiUPU
_bspa
_cPE-LiUPU
_erda
049 _aPRUA
082 0 4 _a307.76
_bB98
_231
100 1 _aBuzai, Gustavo.,
_eautor.
245 1 0 _aMapas sociales urbanos /
_cGustavo Buzai.
264 1 _aArgentina:
_bEditorial,
_c2014.
300 _a290 páginas :
_bilustraciones ;
_c23 centimetros.
300 _a1 CD-ROM
336 _atext
_2rdacontent
337 _aunmediated
_2rdamedia
338 _avolume
_2rdacarrier
504 _aBibliografía : páginas 265-2284.
505 0 _aParte I Aspectos historicos de la diferenciacion socioespacial urbano -- Paradigmas -- Modelos urbanos -- Parte II Metodología del análisis espacial cuantitativo -- Datos, cartografía e índices -- Asociaciones -- Clasificaciones -- El análisis espacial multivariado -- Parte III Aplicación a la situación socioespacial urbana y síntesis Modelística -- Síntesis de aplicaciones -- Modelo Conceptual-espacial --Parte IV Consideraciones finales -- Mapas sociales urbanos,síntesis cientifícametodológica-operativa.
526 _aP202
526 _aP201
526 _aP163
526 _aP162
526 _aP161
526 _aP160
526 _aP148
526 _aP147
526 _aP146
526 _aP145
526 _aP144
526 _aP143
526 _aP142
526 _aP141
526 _aP140
526 _aP139
526 _aP138
526 _aP137
526 _aP136
526 _aP135
526 _aP134
526 _aP133
526 _aP129
526 _aP128
526 _aP127
526 _aP120
526 _aP119
526 _aP118
526 _aP116
526 _aP115
526 _aP114
526 _aP110
526 _aP109
526 _aP108
526 _aP104
526 _aP103
526 _aP102
526 _aP99
526 _aP98
526 _aP97
526 _aP96
526 _aP95
526 _aP93
526 _aP90
526 _aP89
526 _aP88
526 _aP83
526 _aP82
526 _aP62
526 _aP59
526 _aP58
526 _aP57
526 _aP51
526 _aP49
526 _aP48
526 _aP47
526 _aP29
526 _aP24
526 _aP20
526 _aP19
526 _aP17
526 _aP15
526 _aP14
526 _aP12
526 _aP10
526 _aP09
526 _aP08
526 _aP07
526 _aP06
526 _aP05
526 _aP04
526 _aP01
910 _ajck
_bjvq
_cksl
_d2017087
942 _2ddc
_cBOOK
949 _a307.76 B98wDEWEY
_c1
_i76713
_lCATALOGING
_mBUL
_p32.00
_r0
_sY
_tBOOK
_u2017-08-9
_xINGENIERIA
_PP06
_0COMPRA
_o.CIRCNOTE. El documento es de alto precio.
_o.STAFF. Colección Ingeniería y Arquitectura
994 _aC0
_bPEPRU
596 _a1
999 _a307.76 B98
_wLC
_c24904
_i76713
_f2021-11-9
_g3
_lCCODEBUL1
_mBUL
_p32.00
_r0
_sY
_tBOOK
_u2017-8-9
_xINGENIERIA
_PP06
_0COMPRA
_o.STAFF. Colección Ingeniería y Arquitectura
_d24904
980 _81
_gALBERTO SANCHEZ Responsable de Automatización